000 01475cam a22003857a 4500
003 CHAP
005 20220329140940.0
008 971013s1995 r 00010 d
010 _a60268
011 _a61240
035 _a65404
040 _cCHAP
082 _a338.083 M49c 1994
_bCamp.
110 _aInstituto Nacional de Estadística, Geografía e Informática. México
_959304
245 0 _aCenso industrial (14o.), censo comercial (11o.) y censo de servicios (11o.) : Campeche
260 _aAguascalientes, Ags. :
_bINEGI,
_c1995
300 _a145 p.
590 _aBATCH-UPD
_b10
_c20130110
_lUCH01
_h0239
590 _aBATCH-UPD
_b10
_c20130110
_lUCH01
_h1334
590 _aBATCH-UPD
_b10
_c20130409
_lUCH01
_h2305
590 _aBATCH-UPD
_b10
_c20130410
_lUCH01
_h1318
590 _aBATCH-UPD
_b10
_c20130914
_lUCH01
_h0825
590 _aCONVERSION
_b10
_c20130109
_lUCH01
_h1332
650 1 4 _aCampeche
_xCondiciones económicas.
_917981
650 1 4 _aComercio
_xEstadísticas.
_925571
650 1 4 _aIndustria
_xEstadísticas.
_957704
650 1 4 _aServicios públicos
_xEstadísticas.
_9105336
790 _aCenso comercial (11o.) 1994
790 _aCenso de servicios (11o.) 1994
790 _aCensos económicos 1994
901 _aBK
942 _cLIBRO
949 _a338.083 M49c 1994 Camp.
_bBC
_cINEGI
_d33724000663357
_eINEGI
_gI. c/e
_h90595
_i65404
_si
_t20.00
949 _a338.083 M49c 1994 Camp.
_bBC
_cINEGI
_d33724000818910
_eINEGI
_fc.2
_gDonaciØn
_h101054
_i65404
_sb
999 _c60268
_d60268